| 000 | 00613nam a22002177a 4500 | ||
|---|---|---|---|
| 003 | OSt | ||
| 008 | 260514b |||||||| |||| 00| 0 eng d | ||
| 082 |
_a633.71 _bP22R |
||
| 100 | _aPathak, Sushil Kumar. | ||
| 245 |
_aResponse of Chewing Tobacco To Zn, Cu, & B With and Without Green Manuring in Calcareous Soils of Bihar / _cby Sushil Kumar Pathak |
||
| 260 |
_a.- Pusa, Samastipur _b: RAU _c, 1988 |
||
| 300 | _a102p. | ||
| 502 |
_bM. Sc. _d1988 |
||
| 650 | _aAgronomy | ||
| 650 | _aTobacco | ||
| 650 | _aCalcareous Soils | ||
| 650 | _aBihar | ||
| 650 | _aThesis | ||
| 650 | _aM. Sc. | ||
| 942 |
_2ddc _cT |
||
| 999 |
_c50591 _d50591 |
||